| 000 | 00821nam a22002177a 4500 | ||
|---|---|---|---|
| 005 | 20251108170833.0 | ||
| 008 | 250721s2002 xx 000 0 ara d | ||
| 082 | 1 | 4 | _a956.0669/رست |
| 100 | 1 | _aرستون، جميس (الأبن) | |
| 245 | 1 | 0 |
_aمقاتلون في سبيل الله : _bصلاح الدين الأيوبي - ريتشارد قلب الأسد و الحملة الصليبية الثالثة / |
| 264 | 1 |
_aالرياض : _bالكعبيان، _c2002. |
|
| 300 | _a527ص | ||
| 650 | 1 | 7 | _aالحروب الصليبية |
| 650 | 1 | 7 | _aالأيوبيون 1252-1174 |
| 650 | 1 | 7 | _aالتاريخ الإسلامي |
| 650 | 1 | 7 | _aمعركة حطين 1187 |
| 650 | 1 | 7 | _aتحرير صلاح الدين للقدس 1187 |
| 700 | 1 |
_aالسيد، رضوان _eترجمة |
|
| 942 |
_2ddc _cBK |
||
| 999 |
_c50169 _d50169 |
||